| 000 | 01131cam a2200373 a 4500 | ||
|---|---|---|---|
| 001 | 5897 | ||
| 003 | FISKH | ||
| 005 | 20250812142342.0 | ||
| 008 | 031010s2004 nyua b 000 0 eng | ||
| 010 | _a 2003022501 | ||
| 020 | _a0805067485 (hc : alk. paper) | ||
| 020 | _a9780439773577 | ||
| 040 |
_aDLC _cDLC _dDLC _beng |
||
| 050 | _aPS3562.E9279 A83 | ||
| 082 | _a811.54 | ||
| 100 | 1 | _aLewin, Betsy. | |
| 245 | 1 | 0 |
_aAnimal snackers / _cBetsy Lewin. |
| 250 | _aFirst printing in 2005 | ||
| 260 |
_aNew York : _bScholastic, _c1980. |
||
| 300 |
_a28 unnumbered pages : _bcolor illustrations ; _c21 cm x 26 cm |
||
| 505 | _aG | ||
| 520 | _aShort poems describe the eating habits of many different kinds of animals. | ||
| 521 | 8 |
_a300
_bLexile estimate |
|
| 521 | 8 |
_aG
_bRaz-Plus |
|
| 650 | 0 |
_aAnimals _vJuvenile poetry. |
|
| 650 | 0 |
_aFood habits _vJuvenile poetry. |
|
| 650 | 0 | _aChildren's poetry, American. | |
| 650 | 1 |
_aAnimals _vPoetry. |
|
| 650 | 1 |
_aFood habits _vPoetry. |
|
| 650 | 1 | _aAmerican poetry. | |
| 906 |
_a7 _bcbc _corignew _d1 _eecip _f20 _gy-gencatlg |
||
| 942 |
_2ddc _cBK _n0 |
||
| 999 |
_c5897 _d5897 |
||